header

Stem cell bioengineering (Record no. 104624)

MARC details
000 -LEADER
fixed length control field 01384nam a2200337Ia 4500
245 00 - TITLE STATEMENT
Title Stem cell bioengineering
260 ## - PUBLICATION, DISTRIBUTION, ETC. (IMPRINT)
Place of publication Boston, Mass. ;
-- London :
Name of publisher Artech House,
Year of publication c2009.
300 ## - PHYSICAL DESCRIPTION
Number of Pages xiv, 208 p. :
Other physical details ill. (chiefly col.).
490 1# - SERIES STATEMENT
Series statement Artech House methods in bioengineering series
500 ## - GENERAL NOTE
General note Series title given on title page as: Methods in bioengineering.
650 #0 - SUBJECT ADDED ENTRY--TOPICAL TERM
Topical Term Bioengineering.
Topical Term Stem cells
Topical Term Stem cells.
700 1# - ADDED ENTRY--PERSONAL NAME
Personal name Parekkadan, Biju.
Personal name Yarmush, Martin L.
856 40 - ELECTRONIC LOCATION AND ACCESS
Uniform Resource Identifier http://site.ebrary.com/lib/rucke/Doc?id=10359051

No items available.

© 2026 Rongo University
Contact us: librarian | system librarian | Rongo university